British Military Aircraft Quiz - Statistics

General Stats
  • This quiz has been taken 99 times
    4 since last reset
  • The average score is 16 of 112
Answer Stats
Picture Hint Answer % Correct
Airbus Atlas C Mk.1
100%
Airbus Voyager KC Mk.3
100%
AgustaWestland Apache AH Mk.1
67%
Hawker Hunter F Mk.6A
67%
BAC (SEPECAT) Jaguar GR Mk.3
67%
English Electric Lightning F Mk.6
67%
British Aerospace Sea Harrier FRS Mk.1
67%
Beechcraft Texan T Mk.1
67%
British Aerospace (Panavia) Tornado GR Mk.4
67%
BAE Systems (Eurofighter) Typhoon F Mk.2
67%
British Aerospace 146 C Mk.3
33%
de Havilland Canada Beaver AL Mk.1
33%
Blackburn Buccaneer S Mk.2B
33%
Boeing Chinook HC Mk.2
33%
de Havilland Canada Chipmunk T Mk.10
33%
de Havilland Comet C Mk.2
33%
Hawker Siddeley Harrier GR Mk.3
33%
BAE Systems Hawk T Mk.1
33%
de Havilland Hornet F Mk.3
33%
Airbus Helicopters Juno HT Mk.1
33%
Airbus Helicopters Jupiter HT Mk.1
33%
AgustaWestland Merlin HM Mk.1
33%
Gloster Meteor F Mk.3
33%
Lockheed Neptune MR Mk.1
33%
McDonnell Douglas Phantom FG Mk.1
33%
Boeing Poseidon MRA Mk.1
33%
Canadair Sabre F Mk.4
33%
Hawker Sea Fury FB Mk.11
33%
Hawker Sea Hawk FGA Mk.6
33%
de Havilland Sea Vixen FAW Mk.1
33%
Boeing Sentry AEW Mk.1
33%
Lockheed TriStar KC Mk.1
33%
de Havilland Vampire F Mk.1
33%
Avro Vulcan B Mk.2
33%
Westland Wyvern S Mk.4 (TF Mk.4)
33%
Bell 212 AH Mk.1
0%
Boeing Airseeker R Mk.1
0%
Sud Alouette AH Mk.2
0%
Hawker Siddeley Andover C Mk.1
0%
Armstrong Whitworth Argosy C Mk.1
0%
Avro Athena T Mk.2
0%
Supermarine Attacker F Mk.1
0%
Boulton Paul Balliol T Mk.2
0%
Beagle Basset CC Mk.1
0%
Short Belfast C Mk.1
0%
Bristol Belvedere HC Mk.1
0%
Blackburn Beverley C Mk.1
0%
Bristol Brigand TF Mk.1
0%
Bristol Britannia C Mk.2
0%
Bristol Buckmaster T Mk.1
0%
Scottish Aviation Bulldog T Mk.1
0%
English Electric Canberra B Mk.6
0%
Britten-Norman Defender AL Mk.2
0%
de Havilland Devon C Mk.2
0%
Hawker Siddeley Dominie T Mk.1
0%
Westland Dragonfly HR Mk.3
0%
Dassault Envoy IV CC Mk.1
0%
Blackburn Firebrand TF Mk.4
0%
Fairey Gannet AEW Mk.3
0%
Westland Gazelle HT Mk.3
0%
Hawker Siddeley Gnat T Mk.1
0%
Bell Griffin HAR Mk.2
0%
British Aerospace Harrier II GR Mk.9
0%
Handley Page Hastings C Mk.1
0%
Lockheed Martin Hercules C Mk.4
0%
Hiller HT Mk.1
0%
Gloster Javelin FAW Mk.9R
0%
BAC Jet Provost T Mk.5
0%
Handley Page Jetstream T Mk.1
0%
Avro Lancastrian C Mk.1
0%
Westland Lynx AH Mk.1
0%
Handley Page Marathon T Mk.11
0%
Hawker Siddeley Nimrod MR Mk.2
0%
Percival Pembroke C Mk.1
0%
Embraer Phenom T Mk.1
0%
Scottish Aviation Pioneer CC Mk.1
0%
Grob Prefect T Mk.1
0%
Percival Prentice T Mk.1
0%
Percival Provost T Mk.1
0%
Westland Puma HC Mk.1
0%
Supermarine Scimitar F Mk.1
0%
Westland Scout AH Mk.1
0%
de Havilland Sea Heron C Mk.4
0%
Westland Sea King HAR Mk.3
0%
Percival Sea Prince T Mk.1
0%
Raytheon Sentinel R Mk.1
0%
Avro Shackleton MR Mk.3
0%
Beechcraft Shadow R Mk.1
0%
Westland Sioux AH Mk.1
0%
Saunders-Roe Skeeter AOP Mk.12
0%
Douglas Skyraider AEW Mk.1
0%
Airbus Helicopters Squirrel HT Mk.1
0%
Short Sturgeon TT Mk.2
0%
Supermarine Swift FR Mk.5
0%
Bristol Sycamore HR Mk.14
0%
Short Tucano T Mk.1
0%
Grob Tutor T Mk.1
0%
Scottish Aviation Twin Pioneer CC Mk.2
0%
Vickers Valetta C Mk.2
0%
Vickers Valiant B Mk.1
0%
Vickers Varsity T Mk.1
0%
Vickers VC10 C Mk.1K
0%
de Havilland Venom FB Mk.4
0%
Handley Page Victor K Mk.2
0%
Vickers Viking C Mk.2
0%
Grob Viking T Mk.1
0%
Boeing Washington B Mk.1
0%
Westland Wasp (Sea Scout) HAS Mk.1
0%
Boeing Wedgetail AEW Mk.1
0%
Westland Wessex HU Mk.5
0%
Westland Whirlwind HAR Mk.10
0%
AgustaWestland Wildcat HMA Mk.2
0%
No matching quizzes found
Score Distribution
Percent of People with Each Score
Percentile by Number Answered
Your Score History
You have not taken this quiz since the last reset